Turbulence in lakes and rivers

محفوظ في:
التفاصيل البيبلوغرافية
المؤلف الرئيسي: Smith, I. R (مؤلف)
التنسيق: كتاب
اللغة:الإنجليزية
منشور في: Kendal Freshwater Biological Association 1975
سلاسل:Scientific Publication, 29
الموضوعات:
الوسوم: إضافة وسم
لا توجد وسوم, كن أول من يضع وسما على هذه التسجيلة!

MARC

LEADER 00000nam a2200000 a 4500
001 UCU3362
003 CL-VaPUC
008 960510e19750000uk |||||||||||||||||eng|d
082 0 4 |a 532.517  |b SMI  |2 21 
100 0 |a Smith, I. R  |e author  |9 360264 
245 1 0 |a Turbulence in lakes and rivers 
300 |a 79 p 
942 |c BK 
945 |d 19960510 00:00:00  |a rbrito 
260 |a Kendal  |b Freshwater Biological Association  |c 1975 
650 0 |a Hidrodinámica   |9 261326 
650 7 |a MOVIMIENTO DEL AGUA  |2 CL-VaPUC  |9 358429 
650 7 |a LAGOS  |2 CL-VaPUC  |9 261209 
650 0 |a Rios  |9 261760 
650 7 |a TURBULENCIA  |2 CL-VaPUC  |9 331387 
650 0 |a Viscosidad  |9 260583 
650 7 |a PROPIEDADES MECANICAS DE LOS FLUIDOS  |2 CL-VaPUC  |9 360265 
650 7 |a DENSIDAD DE LOS FLUIDOS  |2 CL-VaPUC  |9 360266 
650 0 |a Velocidad  |9 311814 
583 |a last modification  |c 20150507 05:03:51  |k Rodrigo Vera 
490 0 |a Scientific Publication, 29 
999 |c 247392  |d 247390